[Event "Supercom Cup"]
[Site "Bucharest ROM"]
[Date "2002.03.26"]
[Round "9"]
[White "Badea,B"]
[Black "Svetushkin,D"]
[Result "1/2-1/2"]
[WhiteElo "2477"]
[BlackElo "2501"]

1.Nf3 d5 2.g3 c6 3.Bg2 Bg4 4.c4 e6 5.cxd5 Bxf3 6.Bxf3 cxd5 7.Qb3 Qd7 8.Nc3 Nc6
9.Bg2 Nf6 10.d3 Be7 11.Bd2 O-O 12.O-O Rfc8 13.Rfc1  1/2-1/2

[Event "Open"]
[Site "Mar del Plata ARG"]
[Date "2002.03.26"]
[Round "5"]
[White "Cordero,A"]
[Black "Kanefsck,G"]
[Result "1/2-1/2"]
[WhiteElo "2277"]
[BlackElo "2395"]

1.Nf3 d5 2.g3 Nf6 3.Bg2 c6 4.d3 Bf5 5.O-O h6 6.c3 Nbd7 7.Nd4 Bh7 8.f4 e6
9.Nd2 Bd6 10.N2f3 O-O 11.Kh1 a6 12.Be3  1/2-1/2

[Event "13th Goodricke"]
[Site "Calcutta IND"]
[Date "2002.03.27"]
[Round "11"]
[White "Koneru,H"]
[Black "Blauert,J"]
[Result "1/2-1/2"]
[WhiteElo "2539"]
[BlackElo "2390"]

1.Nf3 d5 2.g3 Nf6 3.Bg2 c5 4.O-O Nc6 5.d4 e6 6.c4 Be7 7.Nc3 O-O 8.cxd5 Nxd5
9.Nxd5 exd5 10.dxc5 Bxc5 11.b3 Bf5 12.Bb2 Be4 13.Rc1 Qe7 14.Qd2 Bb6 15.Rfd1 Rad8
16.Qf4 d4 17.Bf1  1/2-1/2

[Event "Suetin Mem"]
[Site "Tula RUS"]
[Date "2002.03.28"]
[Round "6"]
[White "Dvalishvili,P"]
[Black "Frolyanov,D"]
[Result "1-0"]
[WhiteElo "2374"]
[BlackElo "2295"]

1.Nf3 d5 2.g3 Nf6 3.Bg2 c6 4.O-O Bf5 5.d3 e6 6.Nbd2 Be7 7.b3 O-O 8.Bb2 h6
9.e3 a5 10.a3 Bh7 11.Qe2 c5 12.a4 Nc6 13.Ne5 Nb4 14.c3 Nc6 15.Nxc6 bxc6 16.e4 Re8
17.c4 Bf8 18.Rfe1 Rb8 19.Be5 Rc8 20.Rad1 Nd7 21.Bb2 Qb6 22.Qg4 f5 23.Qh5 d4
24.Qe2 Qb8 25.Ba3 Bd6 26.Rb1 Bf8 27.Bh3 Rcd8 28.Qf1 Nf6 29.f4 fxe4 30.dxe4 e5
31.f5 Be7 32.Qd3 Nd7 33.Nf3 Qc7 34.g4 g5 35.Bc1 Kf7 36.Kf2 Rg8 37.Rg1 Nf6
38.Bf1 Rg7 39.h4 Rdg8 40.hxg5 hxg5 41.Bd2 Ke8 42.Qe2 Kd7 43.Qe1 Bd8 44.Bd3 Kc8
45.Ke2 Kb7 46.Qg3 Nd7 47.Rh1 Re8 48.Rh5 Nf6 49.Rxg5 Rf7 50.Kd1 Ka6 51.Kc2 Qb8
52.Qh2 Rb7 53.Be1 Bg8 54.Rg6 Bh7 55.Rxf6 Bxf6 56.g5 Bd8 57.Bg3 Bg8 58.Bxe5 Bc7
59.Bxc7 Rxc7 60.g6 Qd8 61.Qf4 Rb7 62.f6 Be6 63.f7 Rf8 64.Ng5 Qd7 65.Qf6  1-0

[Event "Suetin Mem"]
[Site "Tula RUS"]
[Date "2002.03.28"]
[Round "6"]
[White "Kuporosov,V"]
[Black "Balashov,Y"]
[Result "1/2-1/2"]
[WhiteElo "2473"]
[BlackElo "2545"]

1.Nf3 d5 2.g3 c6 3.Bg2 Bf5 4.b3 Nf6 5.Bb2 e6 6.d3 h6 7.Nbd2 Be7 8.O-O O-O
9.c4 Bh7 10.Qc2 Qa5 11.a3 Nbd7 12.Ne5 Nxe5 13.Bxe5 Nd7  1/2-1/2

[Event "6th Neckar Open"]
[Site "Deizisau GER"]
[Date "2002.03.29"]
[Round "3"]
[White "Dittmar,P"]
[Black "Haba,P"]
[Result "0-1"]
[WhiteElo "2330"]
[BlackElo "2496"]

1.Nf3 d5 2.g3 Nf6 3.Bg2 c6 4.O-O Bf5 5.d4 e6 6.c4 Be7 7.Nc3 O-O 8.b3 Nbd7
9.Bb2 h6 10.Nd2 Qb6 11.e4 dxe4 12.Ndxe4 Nxe4 13.Nxe4 Bxe4 14.Bxe4 Bf6 15.Qe2 Rfd8
16.Rad1 Nf8 17.d5 Bxb2 18.Qxb2 exd5 19.cxd5 c5 20.Rd2 Qd6 21.Re2 Nd7 22.Bg2 Re8
23.Rfe1 Nf6 24.Re5 Rxe5 25.Qxe5 Qxe5 26.Rxe5 Re8 27.Re3 Kf8 28.Bf3 b6 29.Kf1 Rxe3
30.fxe3 Ke7 31.Ke2 Kd6 32.e4 Ke5 33.Kd3 Ne8 34.Kc3 Nd6 35.a4 f6 36.Kd3 g5
37.Kc3 g4 38.Bg2 a6 39.b4 cxb4+ 40.Kxb4 Kd4 41.a5 bxa5+ 42.Kxa5 Ke3 43.Kb6 Kf2
44.e5 Nc4+ 45.Kc5 Nxe5 46.Be4 Kg1 47.d6 Kxh2 48.Bb7 a5 49.Kd5 Kxg3 50.Ke6 Kf4
51.Kxf6 a4  0-1

[Event "Redbus KO"]
[Site "Southend ENG"]
[Date "2002.03.29"]
[Round "1.2"]
[White "McNab,C"]
[Black "Summerscale,A"]
[Result "0-1"]
[WhiteElo "2425"]
[BlackElo "2503"]

1.Nf3 d5 2.g3 c5 3.Bg2 Nc6 4.d3 e5 5.O-O Nf6 6.e4 Be7 7.exd5 Nxd5 8.Re1 f6
9.Nc3 Be6 10.Nh4 O-O 11.f4 Qd7 12.f5 Bf7 13.Be4 Rfd8 14.Kh1 c4 15.dxc4 Nxc3
16.Qxd7 Rxd7 17.bxc3 Bc5 18.Ng2 Bf2 19.Rf1 Bxc4 20.Bxc6 bxc6 21.Rxf2 Rd1+
22.Ne1 Rxe1+ 23.Kg2 Rd8 24.Kh3 h5 25.Bb2 Rxa1 26.Bxa1 Rb8 27.Rd2 Rb1 28.Rd6 Rxa1
29.Rxc6 Be2  0-1

[Event "6th Neckar Open"]
[Site "Deizisau GER"]
[Date "2002.03.30"]
[Round "4"]
[White "Fridman,D"]
[Black "Raetsky,A"]
[Result "1-0"]
[WhiteElo "2571"]
[BlackElo "2426"]

1.Nf3 d5 2.g3 Nc6 3.Bg2 e5 4.d3 g6 5.O-O Bg7 6.e4 Nge7 7.b3 O-O 8.Bb2 Re8
9.Nbd2 h6 10.exd5 Nxd5 11.Re1 Nb6 12.Rb1 g5 13.Nc4 Nxc4 14.bxc4 Bf5 15.Nd2 Qd7
16.Bc3 Rab8 17.Rb5 Bg4 18.Qb1 b6 19.Rd5 Qc8 20.f4 gxf4 21.gxf4 Bh3 22.Qd1 Bxg2
23.Kxg2 Qf5 24.Rf1 Rbd8 25.Rxd8 Rxd8 26.fxe5 Qg6+ 27.Kh1 Nd4 28.Rg1 Qf5 29.Qg4 Qxg4
30.Rxg4 c5 31.Bxd4 cxd4 32.Nf3 Kf8 33.Rxd4 Rxd4 34.Nxd4 Bxe5 35.Nc6 Bc3 36.Nxa7 Ke7
37.Kg2 Ke6 38.Kf3 f5 39.Nb5 Be1 40.Nc7+ Ke5 41.Nb5 Bd2 42.d4+ Ke6 43.Nc7+ Kd6
44.Nd5 b5 45.Ne3  1-0

[Event "Asian Youth BU16"]
[Site "Tehran IRI"]
[Date "2002.03.30"]
[Round "3"]
[White "Deepan,C"]
[Black "Saptarshi,R"]
[Result "1/2-1/2"]
[WhiteElo "2305"]
[BlackElo "2204"]

1.Nf3 d5 2.g3 c5 3.Bg2 Nc6 4.d4 Nf6 5.O-O Bg4 6.Ne5 cxd4 7.Nxg4 Nxg4 8.e3 h5
9.exd4 e6 10.h3 Nf6 11.Re1 Be7 12.c3 Kf8 13.b3 b5 14.Bb2 h4 15.g4 Bd6 16.Nd2 Ne7
17.c4 a6 18.a4 b4 19.Nf1 Ng6 20.Bc1 Rc8 21.c5 Bb8 22.Bg5 Qc7 23.a5 Ne7 24.Qd3 Nc6
25.Be3 Qb7 26.f4 g6 27.f5 gxf5 28.gxf5 e5 29.dxe5 Nxe5 30.Qd4 Ne4 31.Bf4 f6
32.Bxe4 dxe4 33.Qxe4 Qxe4 34.Rxe4 Rg8+ 35.Kh1 Rxc5 36.Rxb4 Bc7 37.Bxe5 Rxe5
38.Rc1 Rxf5 39.Rxc7 Rxf1+ 40.Kh2 Rf2+  1/2-1/2

[Event "Suetin Mem"]
[Site "Tula RUS"]
[Date "2002.03.30"]
[Round "8"]
[White "Loginov,Va"]
[Black "Arzumanian,G"]
[Result "1/2-1/2"]
[WhiteElo "2524"]
[BlackElo "2424"]

1.Nf3 d5 2.g3 Bg4 3.Bg2 Nd7 4.c4 e6 5.cxd5 exd5 6.O-O c6 7.Nc3 Ngf6 8.d3 Be7
9.Qc2 O-O 10.e4 Nc5 11.Ne5 Bc8 12.exd5 Nxd5 13.Nxd5 cxd5 14.Be3 d4 15.Bd2 Bf5
16.b4 Rc8 17.bxc5 Rxc5 18.Qb3 Rxe5 19.Bxb7 Qd7 20.Rab1 Re2 21.Rfd1 Rb8 22.Bf4 Bd6
23.Bxd6 Qxd6 24.Qd5 Qxd5 25.Bxd5 Rbb2 26.Rxb2 Rxb2 27.Rc1 h6 28.h4 Bxd3 29.Rc8+ Kh7
30.Bxf7 Rb1+ 31.Kg2 Be4+ 32.f3 Rb2+ 33.Kg1 Rb1+ 34.Kf2 Rb2+  1/2-1/2

[Event "Suetin Mem"]
[Site "Tula RUS"]
[Date "2002.03.30"]
[Round "8"]
[White "Yandemirov,V"]
[Black "Burmakin,V"]
[Result "1/2-1/2"]
[WhiteElo "2502"]
[BlackElo "2564"]

1.Nf3 d5 2.g3 c6 3.Bg2 Bg4 4.O-O Nd7 5.d4 Ngf6 6.Nbd2 e6 7.Re1 Be7 8.e4 O-O
9.c3 Bh5 10.Qb3 Rb8 11.a4 Bg6 12.exd5 exd5 13.Nh4 Re8 14.Nxg6 hxg6 15.Nf3 Bd6  1/2-1/2

[Event "40th Doeberl Cup"]
[Site "Canberra AUS"]
[Date "2002.03.31"]
[Round "5"]
[White "Stead,K"]
[Black "Samar,R"]
[Result "1-0"]
[WhiteElo "2099"]
[BlackElo "2318"]

1.Nf3 d5 2.g3 c6 3.Bg2 Nf6 4.O-O g6 5.d3 Bg7 6.Nbd2 Bg4 7.h3 Bxf3 8.Bxf3 Nbd7
9.e4 O-O 10.Re1 dxe4 11.Nxe4 Nxe4 12.Bxe4 e5 13.Rb1 Nc5 14.Bg2 Ne6 15.b4 a6
16.a4 Qd7 17.Bb2 Nd4 18.c3 Nf5 19.Qc2 Rad8 20.Rbd1 Rfe8 21.Kh2 h5 22.Bc1 Qd6
23.Kh1 Re6 24.b5 axb5 25.axb5 cxb5 26.Bxb7 Qc7 27.Bg2 b4 28.c4 Nd4 29.Qb1 Rb6
30.Be3 b3 31.Bd5 Qc5 32.Bxd4 Qxd4 33.Rd2 Rxd5 34.cxd5 h4 35.Kh2 f5 36.Ree2 Qxd5
37.Qc1 hxg3+ 38.fxg3 Rc6 39.Qa3 Rb6 40.Qa7 Qd4 41.Rb2 g5 42.Qc7 Kh7 43.Qf7 Rf6
44.Qxb3 f4 45.Re4 fxg3+ 46.Kxg3 Qg1+ 47.Rg2 Qf1 48.Qc2 g4 49.Rxg4 Bh6 50.Qc7+ Rf7
51.Qxe5 Qxd3+ 52.Kh2 Qf5 53.Qxf5+ Rxf5 54.Kg3 Rf7 55.Rf2 Rb7 56.h4 Rb3+ 57.Rf3 Rb6
58.Rf7+ Kh8 59.h5 Bc1 60.Rc4 Kg8 61.Rd7 Bh6 62.Rc8+ Bf8 63.Rdd8 Rf6 64.h6 Rg6+
65.Kf4 Rf6+ 66.Ke5 Rf7 67.h7+ Kxh7 68.Rxf8 Ra7 69.Rh8+ Kg6 70.Rcg8+ Kf7 71.Rh7+  1-0

[Event "New White Plus GM open"]
[Site "Dhaka BAN"]
[Date "2002.03.31"]
[Round "2"]
[White "Mishra,N"]
[Black "Abu Sufian,S"]
[Result "1/2-1/2"]
[WhiteElo "2321"]
[BlackElo "2219"]

1.Nf3 d5 2.g3 Nf6 3.Bg2 g6 4.O-O Bg7 5.d4 O-O 6.c4 c6 7.Ne5 Be6 8.Nd2 Qc8
9.Re1 Rd8 10.c5 b6 11.Nb3 Nfd7 12.Nd3 Bf5 13.Bf4 Bxd3 14.exd3 e6 15.Qd2 bxc5
16.dxc5 e5 17.Bh6 Bh8 18.f4 Na6 19.fxe5 Nxe5 20.d4 Nc4 21.Qf2 Re8 22.Rxe8+ Qxe8
23.Re1 Qd7 24.Nc1 Re8 25.Rxe8+ Qxe8 26.b3 Na3 27.Nd3 Nb5 28.Be3 Qxe3 29.Qxe3 Bxd4
30.Kf2 Bxe3+ 31.Kxe3 f6 32.a4 Nbc7 33.b4 Kf7 34.Bh3 Ke7 35.Kd4 Nb8 36.Bc8 a6
37.Nf4 Nd7 38.Nd3 Kd8 39.Bb7 Nb8 40.Nf4 g5 41.Nh5 Ne6+ 42.Kc3 Kc7 43.Ba8 f5
44.Nf6 f4 45.gxf4 gxf4 46.Nxh7 d4+ 47.Kd2 Nd7 48.h4 f3 49.Ng5 Nxg5 50.hxg5 Ne5
51.b5 axb5 52.axb5 cxb5 53.Be4 b4 54.g6 Nxg6 55.Bxg6 Kc6 56.Be4+  1/2-1/2

[Event "ch-CAN"]
[Site "Richmond CAN"]
[Date "2002.03.31"]
[Round "11"]
[White "Mayo,A"]
[Black "Stanford,M"]
[Result "1/2-1/2"]
[WhiteElo "2106"]
[BlackElo "2254"]

1.Nf3 d5 2.g3 c6 3.Bg2 Bg4 4.b3 Nd7 5.Bb2 e6 6.c4 Ngf6 7.O-O Be7 8.d3 O-O
9.Nbd2 a5 10.e4 dxe4 11.dxe4 Nc5 12.e5 Nfd7 13.Qe2 Qc7 14.Rfd1 Rfd8 15.Nf1 h6
16.h3 Bh5 17.g4 Bg6 18.Ng3 Nf8 19.Ne1 Bg5 20.Bd4 Nfd7 21.Qb2 Bf4 22.Nf3 Nd3
23.Qc3 N3xe5 24.Nh4 c5  1/2-1/2

[Event "New White Plus GM open"]
[Site "Dhaka BAN"]
[Date "2002.04.01"]
[Round "3"]
[White "Rahman,Tai"]
[Black "Hasan,M"]
[Result "1-0"]
[WhiteElo "2264"]
[BlackElo "2187"]

1.Nf3 d5 2.g3 Nf6 3.Bg2 c5 4.O-O Nc6 5.d4 cxd4 6.Nxd4 h6 7.c4 e5 8.Nxc6 bxc6
9.Nc3 Bb4 10.Nxd5 Bc5 11.Be3 Bxe3 12.Nxe3 Qc7 13.Qa4 Bd7 14.Qa3 h5 15.Rfd1 Rb8
16.b3 h4 17.Qc5 hxg3 18.hxg3 Rh5 19.Bf3 Rg5 20.Rd6 Rc8 21.Rad1 Qb6 22.Qxb6 axb6
23.Nc2 Ke7 24.Nb4 e4 25.Bxe4 c5 26.Nc2 b5 27.Ne3 Be6 28.Bf3 bxc4 29.Nxc4 Bxc4
30.bxc4 Re5 31.a4 Rc7 32.a5 Ne8 33.Rb6 Re6 34.Bd5 Rxe2 35.Ra1 Nd6 36.a6 Ra7
37.Ra5 Rc2 38.Rxc5 Ra2 39.Rb7+ Nxb7 40.axb7 Rb2 41.Rb5  1-0

[Event "New White Plus GM open"]
[Site "Dhaka BAN"]
[Date "2002.04.03"]
[Round "5"]
[White "Girinath,P"]
[Black "Abdulla,Al"]
[Result "1/2-1/2"]
[WhiteElo "2336"]
[BlackElo "2432"]

1.Nf3 d5 2.g3 c6 3.Bg2 Bg4 4.b3 Nd7 5.Bb2 e6 6.d3 Ngf6 7.Nbd2 Bd6 8.O-O O-O
9.c4 Re8 10.h3 Bh5 11.Qc2 Qb6 12.Bd4 Qc7 13.Bb2 a5 14.a3 Qb6 15.Bd4 Qa6 16.e4 e5
17.Bb2 Rac8 18.Nh4 Qb6 19.Rae1 dxe4 20.dxe4 Bc5 21.Bf3 Bg6 22.Kg2 Rcd8 23.Rb1 Nf8
24.Nxg6 hxg6 25.Bg4 Bd4 26.Nf3 c5 27.Nxd4 exd4 28.f3 Ne6 29.Qd3 Rd7 30.Bc1 Nxg4
31.hxg4 Nd8 32.g5 Rde7 33.Bf4 Nc6 34.Rh1 Ne5 35.Bxe5 Rxe5 36.Qd2 Qd8 37.Rh4 Rxg5
38.Rbh1 f6 39.Rh8+ Kf7 40.Rxe8 Qxe8 41.Qxa5 Qe5 42.Rh3 f5 43.Qd8 fxe4 44.f4 Qxf4
45.Qd7+ Kf6 46.Qd8+ Kf7  1/2-1/2

[Event "New White Plus GM open"]
[Site "Dhaka BAN"]
[Date "2002.04.06"]
[Round "8"]
[White "Mishra,N"]
[Black "Kabir,S"]
[Result "1-0"]
[WhiteElo "2321"]
[BlackElo "2189"]

1.Nf3 d5 2.g3 Nf6 3.Bg2 e6 4.O-O Be7 5.b3 O-O 6.Bb2 Nbd7 7.d3 b6 8.c4 Bb7
9.cxd5 exd5 10.Nc3 Re8 11.Re1 Bb4 12.a3 Bf8 13.Qc2 a5 14.e4 Nc5 15.e5 Ng4
16.d4 Ne6 17.h3 Nh6 18.Rad1 g6 19.Bc1 Nf5 20.g4 Nfg7 21.Nh2 c6 22.Qd3 f5
23.Qg3 Be7 24.Ne2 Rf8 25.Nf4 Nxf4 26.Bxf4 Bh4 27.Qe3 g5 28.Bg3 f4 29.Qc3 Bxg3
30.fxg3 Ne6 31.gxf4 Rxf4 32.Nf1 Qf8 33.Ng3 Qxa3 34.Nh5 Rf7 35.Nf6+ Kh8 36.h4 a4
37.hxg5 Qxb3 38.Qd2 Rg7 39.Re3 Qb5 40.Rh3 Nf8 41.Bf1 Qa5 42.Qc2 Qb4 43.Rd2 Ra7
44.Kh1 a3 45.Rdh2 Ba8 46.Qf5 a2 47.g6 Qe7 48.Nxh7 Nxh7 49.Rxh7+ Rxh7 50.Qc8+  1-0

[Event "ClubCh-EST"]
[Site "Tallinn EST"]
[Date "2002.04.06"]
[Round "8"]
[White "Sepp,O"]
[Black "Tarakanov,O"]
[Result "1-0"]
[WhiteElo "2460"]
[BlackElo "2172"]

1.Nf3 d5 2.g3 e6 3.Bg2 f5 4.O-O Nf6 5.d3 Be7 6.Nbd2 O-O 7.b3 c5 8.Bb2 Nc6
9.e3 Kh8 10.Qe2 b5 11.e4 Rb8 12.Ne5 Nxe5 13.Bxe5 Rb6 14.a4 a6 15.axb5 axb5
16.Ra7 Bb7 17.exf5 exf5 18.Re1 Bd6 19.Bxd6 Qxd6 20.Qe7 Qb8 21.Qxc5 Nd7 22.Qa3 b4
23.Qa1 Rf7 24.Nf3 h6 25.Nd4 f4 26.Qa5 fxg3 27.fxg3 Qd6 28.Rxb7 Rxb7 29.Qxd5 Qf6
30.Rf1 Nb6 31.Rxf6 Nxd5 32.Rxf7 Rxf7 33.Bxd5 Rd7 34.Nc6 Rxd5 35.Nxb4 Rd7
36.Nc6 Rd6 37.Ne5 Rd5 38.Ng6+ Kh7 39.Nf4 Ra5 40.Ne2 g5 41.Kf2 Kg6 42.b4 Rf5+
43.Ke3 h5 44.c4 Kf6 45.b5 h4 46.gxh4 gxh4 47.b6 Ke5 48.Nd4 Rf7 49.Nb5 Rb7
50.d4+ Ke6  1-0

[Event "TCh-CZE 2001-2"]
[Site "CZE"]
[Date "2002.04.07"]
[Round "11"]
[White "Movsesian,S"]
[Black "Meduna,E"]
[Result "1/2-1/2"]
[WhiteElo "2624"]
[BlackElo "2474"]

1.Nf3 d5 2.g3 c6 3.Bg2 Bg4 4.O-O Nf6 5.d3 e6 6.h3 Bh5 7.Qe1 Be7 8.e4 O-O
9.Nbd2 a5 10.Kh1 Na6 11.a3 Nc5 12.Nh2 dxe4 13.dxe4 e5 14.Nc4 Re8 15.f3 Nfd7
16.Bd2 a4 17.Bc3 f6 18.Ne3 Bf8 19.Nhg4 Bf7 20.Rd1 Qc7 21.Nf5 h5 22.Nf2 Rad8
23.h4 Ne6 24.Bh3  1/2-1/2

[Event "ClubCh-EST"]
[Site "Tallinn EST"]
[Date "2002.04.07"]
[Round "9"]
[White "Sepp,O"]
[Black "Krupenski,I"]
[Result "0-1"]
[WhiteElo "2460"]
[BlackElo "2211"]

1.Nf3 d5 2.g3 g6 3.Bg2 Bg7 4.O-O Nf6 5.d3 O-O 6.Nbd2 Re8 7.e4 e5 8.c3 c6
9.Qc2 Nbd7 10.b4 a5 11.a4 Qc7 12.Nb3 b6 13.Re1 Bf8 14.Bd2 Bb7 15.bxa5 bxa5
16.Rab1 c5 17.c4 dxe4 18.dxe4 Bc6 19.Nc1 Nb6 20.Bg5 Nfd7 21.Ra1 h6 22.Bd2 Nf6
23.Nb3 Bxa4 24.Ra3 Qc6 25.Qc1 Bxb3 26.Rxb3 a4 27.Rb5 Ra6 28.Bxh6 Bxh6 29.Qxh6 Nxc4
30.Rbb1 a3 31.Nh4 a2 32.Ra1 Ra3 33.Qc1 Qa4 34.Bf1 Nd6 35.Qxc5 Ndxe4 36.Qc1 Qa7
37.Qc2 Rd8 38.Re2 Qd4 39.Ree1 Qd2 40.Re2 Qc3 41.Rxa2 Rxa2 42.Qxa2 Nd2 43.Re1 g5
44.Qa6 e4 45.Re3 Qe5 46.Ng2 Ng4 47.Qb6 Qd5 48.Rc3 Nf3+ 49.Kh1 Qd1 50.Rc1 Nxf2+  0-1

[Event "1st It"]
[Site "Asuncion PAR"]
[Date "2002.04.12"]
[Round "5"]
[White "Sosa Harrison,J"]
[Black "Gomez Baillo,J"]
[Result "1/2-1/2"]
[WhiteElo "2285"]
[BlackElo "2456"]

1.Nf3 d5 2.g3 c6 3.b3 Bg4 4.Bg2 Nd7 5.Bb2 e6 6.d3 Ngf6 7.Nbd2 Bd6 8.O-O O-O
9.h3 Bh5 10.e4 e5 11.Qe1 Re8 12.Kh1 dxe4 13.dxe4 Bb4 14.a3 Bc5 15.Nc4 Bxf3
16.Bxf3 Qc7 17.Qe2 b5  1/2-1/2

[Event "FSGMB April"]
[Site "Budapest HUN"]
[Date "2002.04.12"]
[Round "11"]
[White "Kustar,S"]
[Black "Pipa,A"]
[Result "1-0"]
[WhiteElo "2388"]
[BlackElo "2380"]

1.Nf3 d5 2.g3 Nf6 3.Bg2 c6 4.d3 h6 5.Nbd2 Bf5 6.b3 e6 7.Bb2 Nbd7 8.O-O Be7
9.e4 dxe4 10.dxe4 Bh7 11.Qe2 O-O 12.e5 Nd5 13.c4 Nb4 14.Ne4 Nc5 15.Rfd1 Qc7
16.Nf6+ Kh8 17.Nxh7 Kxh7 18.a3 Nba6 19.b4  1-0

[Event "10th Hotel Opatija GM"]
[Site "Kastav CRO"]
[Date "2002.04.12"]
[Round "4"]
[White "Vukic,M"]
[Black "Fontaine,R"]
[Result "1/2-1/2"]
[WhiteElo "2500"]
[BlackElo "2469"]

1.Nf3 d5 2.g3 c6 3.Bg2 Bg4 4.b3 Nd7 5.Bb2 e6 6.O-O Ngf6 7.c4 Bd6 8.d4 O-O
9.Nbd2 a5 10.a3 Re8 11.Ne5 Bh5 12.Ndf3 Ne4  1/2-1/2

[Event "Classics IMB"]
[Site "Gausdal NOR"]
[Date "2002.04.13"]
[Round "3"]
[White "Hole,O"]
[Black "Unander,M"]
[Result "1/2-1/2"]
[WhiteElo "2248"]
[BlackElo "2210"]

1.Nf3 d5 2.g3 c6 3.Bg2 Bf5 4.d3 Nf6 5.O-O Nbd7 6.Nbd2 e5 7.Qe1 h6 8.e4 dxe4
9.dxe4 Bh7 10.Qe2 Bc5 11.Nh4 O-O 12.Nb3 Bb6 13.Nf5 Bxf5 14.exf5 Re8 15.Nd2 Bc5
16.Rd1 Qe7 17.a4 e4 18.Nc4 Ne5 19.Be3 Nxc4 20.Qxc4 Bxe3 21.fxe3 Qe5 22.Rf1 Qxb2
23.Rab1 Qa3 24.Rxb7 Qxe3+ 25.Kh1 Rf8 26.Rb3 Qd2 27.h3 Qd5 28.Qc3 Rfe8 29.g4 Rad8
30.Re1 c5 31.Qg3 Qd2 32.Rc3 Rd4 33.Rxc5 e3 34.Kg1 Rxa4 35.Bc6 Ne4 36.Qxe3 Qxe3+
37.Rxe3 Rd4 38.Ra5 Re7 39.Rxe4 Rexe4 40.Bxe4 Rxe4 41.Rxa7  1/2-1/2

[Event "Donner Mem Rapid"]
[Site "Den Haag NED"]
[Date "2002.04.14"]
[Round "3"]
[White "Hartoch,R"]
[Black "Sosonko,G"]
[Result "1/2-1/2"]
[WhiteElo "2318"]
[BlackElo "2518"]

1.Nf3 d5 2.g3 c5 3.Bg2 Nc6 4.c4 d4 5.e3 e5 6.exd4 exd4 7.O-O Nf6 8.d3 Be7
9.Nbd2 O-O 10.Ng5 Ng4 11.Nh3 Bf5 12.Ne4 Nf6 13.Nxf6+ Bxf6 14.Nf4 Bg5 15.Re1 Re8
16.Rxe8+ Qxe8 17.Nd5 Bxc1 18.Rxc1 Qe5 19.f4 Qe6 20.Qd2 Re8 21.Kf2 h5 22.Bf1 Nb4
23.Nxb4 Qe3+ 24.Qxe3 dxe3+ 25.Ke2 Bg4+ 26.Ke1 cxb4 27.Be2 Bf5 28.d4 g6 29.Bf3 b6
30.Ke2 Kf8  1/2-1/2

[Event "ch-YUG w"]
[Site "Kotor YUG"]
[Date "2002.04.14"]
[Round "2"]
[White "Stojanovic,A"]
[Black "Mijovic,A"]
[Result "1/2-1/2"]
[WhiteElo "2057"]
[BlackElo "2123"]

1.Nf3 d5 2.g3 Nf6 3.Bg2 c6 4.O-O Bf5 5.d4 Nbd7 6.b3 e6 7.Bb2 Be7 8.Nbd2 a5
9.a3 O-O 10.Ne5 Qc7 11.Nxd7 Qxd7 12.Re1 Bg6 13.Nf3 Qc7 14.Ne5 Bh5 15.c4 Nd7
16.Nxd7 Qxd7 17.Qd2 Rfd8 18.Bc3 b6 19.Qb2 Rac8 20.Rac1 Bf6 21.e3 Bg6 22.Qe2 Be7
23.Qb2 Bf6 24.Qe2 Be7 25.Qb2  1/2-1/2

[Event "10th Hotel Opatija GM"]
[Site "Kastav CRO"]
[Date "2002.04.15"]
[Round "8"]
[White "Vukic,M"]
[Black "Varga,Zo"]
[Result "1/2-1/2"]
[WhiteElo "2500"]
[BlackElo "2510"]

1.Nf3 d5 2.g3 c5 3.Bg2 Nc6 4.c4 d4 5.O-O e5 6.d3 f6 7.e4 dxe3 8.fxe3 Bg4
9.h3 Be6 10.Qe2 Qd7 11.Ne1 O-O-O 12.Kh2 e4 13.dxe4 Ne5 14.b3 Bd6 15.Bb2 h5
16.Nf3 Ng4+ 17.Kg1 Bxg3 18.Nc3 Qd3 19.hxg4 hxg4 20.Rfd1 Qxe2 21.Rxd8+ Kxd8
22.Nxe2 gxf3 23.Nxg3 fxg2 24.Kxg2 Bg4 25.Nh1 Ke7 26.Nf2 Nh6 27.Kg3 Bc8 28.Rh1 b6
29.Rh5 Rd8 30.Bc3 Nf7 31.Rd5 Rh8 32.Rd1 Bb7 33.b4 Nd6 34.bxc5 bxc5 35.e5 Nf5+
36.Kf4 Ke6 37.exf6 Rh4+ 38.Kg5 gxf6+ 39.Bxf6 Rh2 40.Nd3 Rg2+ 41.Kf4 Kxf6
42.e4 Ne7 43.Nxc5 Bc6 44.Rd6+ Kf7 45.Nd3 Ke8 46.Ne5 Bb7 47.Rh6 Rg8 48.c5 Bc8
49.c6 Rf8+ 50.Ke3 Rg8 51.c7 Rg3+ 52.Kf4 Rg2 53.Rd6 Kf8 54.Rd8+ Kg7 55.Nc6 Ng6+
56.Ke3 Rc2 57.Nxa7 Bh3 58.c8=Q Bxc8 59.Nxc8 Rxa2 60.Nb6  1/2-1/2

[Event "XX Open"]
[Site "Metz FRA"]
[Date "2002.04.15"]
[Round "3"]
[White "Badea,B"]
[Black "Trabert,B"]
[Result "1-0"]
[WhiteElo "2477"]
[BlackElo "2285"]

1.Nf3 d5 2.g3 Bg4 3.Bg2 Nd7 4.c4 e6 5.cxd5 exd5 6.d3 Ngf6 7.h3 Bxf3 8.Bxf3 Be7
9.Bg2 O-O 10.O-O c6 11.Qc2 Nc5 12.e3 Qd7 13.Nd2 a5 14.Nf3 Rfe8 15.b3 Qc7
16.Bb2 Ncd7 17.e4 dxe4 18.dxe4 Bd6 19.Rfe1 Ne5 20.Nd4 Qb6 21.Nf5 Bb4 22.Red1 Rad8
23.Rxd8 Qxd8 24.Rd1 Qc7 25.f4 Ng6 26.e5 Nd7 27.Nxg7 Kxg7 28.Rxd7 Qb6+ 29.Bd4 c5
30.Bf2 Re7 31.Qd1 Qb5 32.Rxe7 Nxe7 33.f5 Nc6 34.f6+ Kf8 35.Qd6+  1-0

[Event "1st It"]
[Site "Asuncion PAR"]
[Date "2002.04.16"]
[Round "8"]
[White "Dorin,M"]
[Black "Butti,E"]
[Result "1-0"]
[WhiteElo "2389"]
[BlackElo "2238"]

1.Nf3 d5 2.g3 c5 3.Bg2 g6 4.O-O Bg7 5.d4 cxd4 6.Nxd4 e5 7.Nb3 Ne7 8.e4 d4
9.c3 Nbc6 10.cxd4 exd4 11.Na3 O-O 12.Bf4 b6 13.Qd2 Be6 14.Nc1 Re8 15.Nd3 a6
16.Rfc1 Rc8 17.Nc4 Bxc4 18.Rxc4 Na5 19.Rxc8 Nxc8 20.Rc1 Nd6 21.Bxd6 Qxd6
22.e5 Qe6 23.b3 Rc8 24.Nf4 Rxc1+ 25.Qxc1 Bh6 26.Nxe6 Bxc1 27.Nxd4 Bb2 28.Nc2 Bxe5
29.Bd5 b5 30.Nb4 Kf8 31.Nxa6 Ke7 32.b4 Nc4 33.Bxc4 bxc4 34.Kf1 Kd6 35.b5 Bc3
36.Ke2 Ba5 37.f3 Kd5 38.Ke3 Bb6+ 39.Kd2 Kd4 40.a4 c3+ 41.Kc2 Kc4 42.Nb8 Bg1
43.h3 Kb4 44.Nd7 Kxa4 45.b6 Kb5 46.b7 Ba7 47.b8=Q+ Bxb8 48.Nxb8 Kc4 49.Nc6 Kd5
50.Nd8 Kd4 51.Nxf7 Ke3 52.Ne5 Kd4 53.f4 g5 54.Nf3+  1-0

[Event "Open"]
[Site "Dubai UAE"]
[Date "2002.04.16"]
[Round "2"]
[White "Pigusov,E"]
[Black "Gelashvili,T"]
[Result "1/2-1/2"]
[WhiteElo "2623"]
[BlackElo "2552"]

1.Nf3 d5 2.g3 c6 3.Bg2 Bg4 4.d3 e6 5.Nbd2 Nd7 6.O-O Ngf6 7.b3 a5 8.a3 Bd6
9.Bb2 O-O 10.h3 Bh5 11.e4 e5 12.Qe1 dxe4 13.dxe4 b5 14.Nh4  1/2-1/2

[Event "Open"]
[Site "Dubai UAE"]
[Date "2002.04.16"]
[Round "2"]
[White "Dizdar,G"]
[Black "Kayumov,S"]
[Result "0-1"]
[WhiteElo "2523"]
[BlackElo "2267"]

1.Nf3 d5 2.g3 Bg4 3.Bg2 Nd7 4.c4 e6 5.cxd5 exd5 6.h3 Bxf3 7.Bxf3 c6 8.d3 Bb4+
9.Nc3 d4 10.a3 Ba5 11.b4 dxc3 12.bxa5 Qxa5 13.O-O Ngf6 14.Qb3 O-O 15.Be3 Nc5
16.Bxc5 Qxc5 17.Rfc1 Rab8 18.Rxc3 Qe5 19.Rac1 Rfe8 20.Kg2 Nd7 21.e3 Qd6 22.a4 Ne5
23.Be2 Nd7 24.Qa3 c5 25.d4 b6 26.Bg4 Qd5+ 27.Bf3 Qe6 28.Rd1 Rbd8 29.Rcd3 Qf6
30.Bd5 cxd4 31.Rxd4 Ne5 32.Qb3 Rc8 33.Rf4 Qe7 34.Rf5 Rf8 35.h4 g6 36.Rf4 h5
37.Qb2 Qc7 38.Re4 Rfe8 39.Rdd4 Rcd8 40.Rf4 Re7 41.e4 Rde8 42.Qd2 Kg7 43.Qb2 Kg8
44.Qa3 Kg7 45.Qb2 Kg8 46.Bb3 Rd8 47.Rf6 Rxd4 48.Qxd4 Rd7 49.Bd5 Kg7 50.Rf4 f6
51.Qd2 Qc5 52.Qb2 Qd6 53.Qb5 Qc7 54.Qb2 Qd6 55.Qb5 Qc7 56.Qb2 Qd8 57.Qb5 Rc7
58.Qa6 Qc8 59.Qb5 Rc5 60.Qb2 Qc7 61.Qa3 Qd6 62.Qb3 Qc7 63.Qb2 Rc3 64.Qa1 Qc5
65.Be6 Rc1 66.Qb2 Qc3 67.Qe2 Nd3 68.e5 Nxf4+ 69.gxf4 Qc6+  0-1

[Event "Open"]
[Site "Dubai UAE"]
[Date "2002.04.19"]
[Round "5"]
[White "Annaberdiev,M"]
[Black "Asylguzhin,R"]
[Result "0-1"]
[WhiteElo "2279"]
[BlackElo "2383"]

1.Nf3 d5 2.g3 Nf6 3.Bg2 c6 4.O-O Bf5 5.d3 h6 6.Nc3 e6 7.Nd2 Be7 8.e4 Bh7
9.Qe2 O-O 10.Kh1 dxe4 11.dxe4 e5 12.Nc4 Nbd7 13.a4 Qc7 14.f4 Rfd8 15.f5 Kf8
16.Bd2 b6 17.Nd1 g6 18.Nf2 Bg8 19.b3 Ne8 20.Ng4 Nef6 21.Nxf6 Bxf6 22.Be3 b5
23.Nb2 Be7 24.Qf2 f6 25.Rfd1 c5 26.Qe2 c4 27.bxc4 bxc4 28.Rdb1 Rab8 29.Bf3 Rb7
30.Nd1 Rdb8 31.Rxb7 Qxb7 32.Qd2 Bb4 33.Qc1 c3 34.Nf2 Bc4 35.Rb1 Qc6 36.Qd1 Qxa4
37.Bxa7 Rb7 38.Be3 Qc6 39.Ng4 g5  0-1

[Event "XX Open"]
[Site "Metz FRA"]
[Date "2002.04.19"]
[Round "7"]
[White "Badea,B"]
[Black "Boudre,JP"]
[Result "1-0"]
[WhiteElo "2477"]
[BlackElo "2384"]

1.Nf3 d5 2.g3 Bg4 3.Bg2 Nd7 4.c4 e6 5.cxd5 exd5 6.h3 Bxf3 7.Bxf3 c6 8.Qc2 Ngf6
9.d3 g6 10.Bg2 Bg7 11.O-O O-O 12.e4 Re8 13.Nc3 dxe4 14.dxe4 Nf8 15.Be3 N6d7
16.f4 Nb6 17.e5 Qe7 18.Ne4 Nd5 19.Bc5 Qd7 20.Rad1 Ne6 21.Bf2 Red8 22.Nd6 f6
23.exf6 Bxf6 24.Ne4 Bg7 25.Nc3 Nec7 26.Qb3 b6 27.Qc4 Rac8 28.Rd2 Bxc3 29.bxc3 Nb5
30.Rd3 Kg7 31.Qb3 Nd6 32.Bd4+ Nf6 33.Re1 Qf7 34.Re6 Ne8 35.Rde3 Kf8 36.Bxc6 Rd6
37.Bxe8 Nxe8 38.Qa3 Rd8 39.Rxe8+  1-0

[Event "City-ch"]
[Site "St-Petersburg RUS"]
[Date "2002.04.19"]
[Round "4"]
[White "Loginov,Va"]
[Black "Popov,Val"]
[Result "1/2-1/2"]
[WhiteElo "2524"]
[BlackElo "2593"]

1.Nf3 d5 2.g3 c6 3.Bg2 Nf6 4.O-O Bg4 5.c4 e6 6.d3 Be7 7.Be3 Bxf3 8.exf3 Nbd7
9.Qb3 Qc7 10.Nc3 O-O 11.Rac1 Rfd8 12.cxd5 Nxd5 13.Nxd5 exd5 14.Rfe1 Bf6 15.f4 Nb6
16.a4 Qd7 17.h4 Nc8 18.Kh2 Ne7 19.Bh3 Qc7 20.Qb4 d4 21.Bd2 Nd5 22.Qc4 a5
23.Re2 Nb6 24.Qb3 Nd5 25.Rce1 Be7 26.Re4 Bc5 27.Qc4 b6 28.Re5 Nf6 29.Kg1 Bd6
30.R5e2 Bf8 31.Bg2 Rac8 32.Rc1 c5 33.Bh3 Rb8 34.Rce1 Qc6 35.Bg2 Qd7 36.Qb5 Qxb5
37.axb5 Nd5 38.f5 Nb4 39.Bxb4  1/2-1/2